000 00328nam a2200133 i 4500
001 bg
100 1 _aZAWILSKI, Adam
245 0 _aWstęp do teorii wektorów i wartości własnych /
_cAdam Zawilski.
260 _aKraków,
_c1981.
040 _cBPK
041 _apol
942 _cKS
008 s pl f |000 0 pol
999 _c20535
_d20535
856 _uhttp://koha.tu.koszalin.pl/cgi-bin/koha/opac-detail.pl?biblionumber=20535
_yKatalog online BPK